000 01092nam a2200313 i 4500
003 EG-GICUC
005 20260121101637.0
008 260101s1985 ua ||||fr|||| 00| 0 ara d
017 _a1985/3611
020 _a977-01-0620-8
040 _a EG-GICUC
_bara
_c EG-GICUC
_d EG-GICUC
_erda
041 0 _aara
082 0 4 _221
_a345.451
_bس م . ق
092 0 4 _221
099 _aLaw1 07 345.451 س م . ق 1985
100 0 _aسمير صادق
_eمؤلف.
245 1 0 _aقرارات وأحكام التأديب في ميزان الإدارية العليا /
_cسمير صادق.
264 1 _aالقاهرة :
_bالهيئة المصرية العامة للكتاب،
_c1985.
300 _a242 ؛ صفحة
_c24 سم.
336 _2rda content
_atext
337 _2rda media
_aComputer
338 _2rda carrier
_aOnline Resource
546 _aالنص باللغة العربية
650 1 4 _aالسلطات التاديبية
650 1 4 _aالقانون الإداري
856 4 0 _uhttps://fll.law.cu.edu.eg/fulltext/bks/B07-02272.pdf
905 _a77
942 _2ddc
_cBK
_e21
_n0
999 _c53954
_d53954